Loreto College Library, Kolkata
WEBOPAC (ONLINE PUBLIC ACCESS CATALOGUE)

Murder on trial (Record no. 4666)

MARC details
000 -LEADER
fixed length control field 00545nam a2200181Ia 4500
005 - DATE AND TIME OF LATEST TRANSACTION
control field 20230405104750.0
008 - FIXED-LENGTH DATA ELEMENTS--GENERAL INFORMATION
fixed length control field 131103s9999 xx 000 0 und d
020 ## - ISBN | অাই এস বি এন
ISBN | অাই এস বি এন 041517721 5
040 ## - CATALOGING SOURCE
Original cataloging agency Loreto College
041 ## - LANGUAGE CODE
Language code English
082 ## - DDC | ডিউই
Classification number | বর্গসংখ্যা 823.08
Book Number | গ্রন্থাঙ্ক MUR
245 ## - TITLE STATEMENT | অাখ্যা বিবরণী
Title | অাখ্যা Murder on trial
Sub title | উপঅাখ্যা courtroom mysteries from Ellery Queen's mystery magazine and Alfred Hitchcock's mystery magazine
Statement of responsibility | লেখকের দায়িত্বের বিবরণ edited by Cynthia Manson
260 ## - IMPRINT | প্রকাশনা ক্ষেত্র
Place of publication | প্রকাশ স্থান New York
Name of publisher | প্রকাশকের নাম Penguin Book
Date of publication | প্রকাশ কাল 1974
300 ## - PHYSICAL DESCRIPTION |
Page / Vol. No | পৃষ্ঠা / খন্ড সংখ্যা 256 p.
440 ## - SERIES STATEMENT |গ্রন্থমালা
Series Title | গ্রন্থমালা অাখ্যা A signet Book
850 ## - HOLDING INSTITUTION
Holding institution LCLIB
942 ## - ADDED ENTRY ELEMENTS (KOHA)
Koha item type Books
Holdings
Withdrawn status Lost status Source of classification Damaged status Not for loan Home library Current library Date acquired Total Checkouts Full call number Accession No. Date last seen Price effective from Koha item type Coded location qualifier
    Dewey Decimal Classification     Loreto College Loreto College 04/11/2013   823.08 MUR 38177 B4534 04/11/2013 04/11/2013 Books